00243nam a22000977a 4500008004100000082001100041100001600052245001700068260005200085300000800137260530b |||||||| |||| 00| 0 eng d a001902 aRao, Jaya L aMantrakshate aBangalorebPoorna Prajna Samshodhan Trustc2010 a74p